00974 a2200241 4500003000500000005001700005010001600022020001500038040000900053082001500062100002600077245009200103246005300195260004600248300008000294505006000374650006400434650005100498700002800549942001200577999001900589952012400608Nust20230531110839.0 a 96014057 a8187105054 cNust00a005.36,MCL1 aMcLaren, Tim,911290510aMCSE study guide :bTCP/IP and systems management server /cTim McLaren, Stephen Myers.3 aMicrosoft certified systems engineer study guide aIndianapolis, Ind. :bNew Riders,cc1996. axxi, 1138 p. :bill. ;c23 cm. +e1 computer laser optical disc (4 3/4 in.) aIntroduction (Page-1), TCP/IP (Page-9), SMS (Page-485). 0aElectronic data processing personnelxCertification.981704 0aMicrosoft softwarexStudy and teaching.9943431 aMyers, Stephen.9112906 2ddccBK c174904d174904 00102ddc4070aMCSbMCScGENd2016-12-12o005.36,MCLpMCS26996r2016-12-08w2016-12-12yBKzAlmirah No.80, Shelf No.5